NO ONE WRITES TO THE COLONEL (Record no. 22711)
[ view plain ]
| 000 -LEADER | |
|---|---|
| fixed length control field | 00336nam a2200133Ia 4500 |
| 008 - FIXED-LENGTH DATA ELEMENTS--GENERAL INFORMATION | |
| fixed length control field | 240624s9999 xx 000 0 und d |
| 041 ## - LANGUAGE CODE | |
| Language code of text/sound track or separate title | eng |
| 082 ## - DEWEY DECIMAL CLASSIFICATION NUMBER | |
| Classification number | 823 MAR |
| 100 ## - MAIN ENTRY--PERSONAL NAME | |
| Personal name | MARQUEZ GABRIEL GARCIA |
| 245 ## - TITLE STATEMENT | |
| Title | NO ONE WRITES TO THE COLONEL |
| 260 ## - PUBLICATION, DISTRIBUTION, ETC. | |
| Date of publication, distribution, etc. | 1996 |
| Place of publication, distribution, etc. | New York |
| Name of publisher, distributor, etc. | Penguin Books |
| 300 ## - PHYSICAL DESCRIPTION | |
| Extent | 69 : p. : cm. ; 20 |
| 365 ## - TRADE PRICE | |
| Currency code | RS |
| Withdrawn status | Lost status | Damaged status | Not for loan | Home library | Current library | Shelving location | Date acquired | Cost, normal purchase price | Total Checkouts | Total Renewals | Full call number | Barcode | Date due | Date last seen | Date last checked out | Copy number | Price effective from | Koha item type |
|---|---|---|---|---|---|---|---|---|---|---|---|---|---|---|---|---|---|---|
| IMTN | IMTN | Rack 39-B | 04/30/2014 | 209.00 | 7 | 1 | 823 MAR | 22711 | 01/19/2026 | 01/09/2026 | 01/09/2026 | 1 | 06/24/2024 | Books |